000 00678nam a2200253Ia 4500
003 OSt
005 20221005083517.0
006 a|||||r|||| 00| 0
007 ta
008 ORI
020 _a0706944372 (hbk)
024 _a101941
037 _cTextual
040 _aCRL
_cCRL
_bORI
041 _2ORI
_aORI
082 _aO1591,IN36,SI, 111M9
100 _aDas Jagannath Prasad
_959118
245 0 _aSilences
_b A book of poems
260 _aNew Delhi
_bVikas Publishing House India
_c1989
300 _a55p
_ccm.
650 _aORIYA LITERATURE
_927692
942 _hO1591,IN36,SI, 111M9
_cTEXL
_2cc
999 _c991138
_d991138